书目信息 |
| 题名: |
数据结构复习指南与题解
|
|
| 作者: | 刘海英 , 马征兵 , 李俊杰 编著 | |
| 分册: | ||
| 出版信息: | 北京 清华大学出版社 2005.1 |
|
| 页数: | 332页 | |
| 开本: | 26cm | |
| 丛书名: | 计算机基础知识复习与指南系列丛书 | |
| 单 册: | ||
| 中图分类: | TP311.12 | |
| 科图分类: | ||
| 主题词: | 数据结构--shu ju jie gou--高等学校--教学参考资料 , 数据结构--shu ju jie gou | |
| 电子资源: | ||
| ISBN: | 7-302-07609-X | |
| 000 | 01148cam2 2200301 450 | |
| 001 | 012005097090 | |
| 005 | 20051124085807.95 | |
| 010 | @a7-302-07609-X@dCNY28.00 | |
| 100 | @a20050716d2005 em y0chiy0121 ea | |
| 101 | 0 | @achi |
| 102 | @aCN@b110000 | |
| 105 | @af z 000yy | |
| 200 | 1 | @a数据结构复习指南与题解@Ashu ju jie gou fu xi zhi nan yu ti jie@f刘海英,马征兵,李俊杰编著 |
| 210 | @a北京@c清华大学出版社@d2005.1 | |
| 215 | @a332页@c图@d26cm | |
| 225 | 2 | @a计算机基础知识复习与指南系列丛书@Aji suan ji ji chu zhi shi fu xi yu zhi nan xi lie cong shu |
| 330 | @a本书共分10章,主要有数据结构基础知识、线性表、栈和队列、串、数组和广义表、树与二叉树、图、查找、排序和文件等内容。 | |
| 333 | @a阅读对象:计算机本科和专科师生 | |
| 461 | 0 | @12001 @a计算机基础知识复习与指南系列丛书 |
| 606 | 0 | @a数据结构@Ashu ju jie gou@x高等学校@j教学参考资料 |
| 606 | 0 | @a数据结构@Ashu ju jie gou |
| 690 | @aTP311.12@v4 | |
| 701 | 0 | @a刘海英@Aliu hai ying@4编著 |
| 701 | 0 | @a马征兵@Ama zheng bing@4编著 |
| 701 | 0 | @a李俊杰@Ali jun jie@4编著 |
| 801 | 0 | @aCN@bSRXX@c20051124 |
| 801 | 2 | @aCN@bSRXX@c20051110 |
| 905 | @a10447@dTP311.12@eL620 | |
| 数据结构复习指南与题解/刘海英,马征兵,李俊杰编著.-北京:清华大学出版社,2005.1 |
| 332页:图;26cm.-(计算机基础知识复习与指南系列丛书) |
| 使用对象:阅读对象:计算机本科和专科师生 |
| ISBN 7-302-07609-X:CNY28.00 |
| 本书共分10章,主要有数据结构基础知识、线性表、栈和队列、串、数组和广义表、树与二叉树、图、查找、排序和文件等内容。 |
| ● |
| 相关链接 |
|
|
|
正题名:数据结构复习指南与题解
索取号:TP311.12/L620
 
预约/预借
| 序号 | 登录号 | 条形码 | 馆藏地/架位号 | 状态 | 备注 |
| 1 | 545152 | 205451526 | 自科二线404/301自科库 39排4列4层/ [索取号:TP311.12/L620] | 在馆 | |
| 2 | 545153 | 205451535 | 期刊室512/301自科库 39排4列4层/ [索取号:TP311.12/L620] | 在馆 | |
| 3 | 545154 | 205451544 | 期刊室512/301自科库 39排4列4层/ [索取号:TP311.12/L620] | 在馆 |